• 首页
  • 本馆介绍
  • 公告通知
  • 最新文献
  • 馆藏检索
  • 电子资源
  • 读者导购
  • 参考咨询
  • 我的图书馆
  • 登录
  • 详细信息显示
  • 放入我的书架
  • 预约/预借图书
  • 作者相关作品
  • 分类相关作品
  • 丛书相关作品
  • 出版社相关作品

书目信息

  • 表格格式
  • 工作单格式
  • 卡片格式
题名:
论党的建设
    
 
作者: 江泽民 著
分册:  
出版信息: 北京   中央文献出版社  2001
页数: 548页
开本: 20cm
丛书名:
单 册:
中图分类: D2-0
科图分类:
主题词: 江泽民--著 , 中国共产党--党的建设--文集
电子资源:
ISBN: 7-5073-1081-7
000 00569nam0 2200205 450
001 0764757455
005 20070708083920.51
010    @a7-5073-1081-7@dCNY30.00
100    @a20070707d2001 km y0chiy0120 ea
101 0  @achi
102    @aCN@b110000
200 1  @a论党的建设@Alun dang de jian she@f江泽民著@Fjiang ze min zhu
210    @a北京@c中央文献出版社@d2001
215    @a548页@d20cm
606 0  @a江泽民@x著
606 0  @a中国共产党@x党的建设@x文集
690    @aD2-0@v3
701  0 @a江泽民@Ajiang ze min@4著
801  0 @aCN@bPFT@c20070708
905    @a10447@dD2-0@e116
    
    论党的建设/江泽民著.-北京:中央文献出版社,2001
    548页;20cm
    
    
    ISBN 7-5073-1081-7:CNY30.00
    
●
相关链接 在E读中查询图书 在五车中查询图书 在当当中查询图书 在豆瓣中查询图书


正题名:论党的建设     索取号:D2-0/116         预约/预借

序号 登录号 条形码 馆藏地/架位号 状态 备注
1 0765797   207657971   第一样本阅览室/ [索取号:D2-0/116] 在馆    
2 0768783   207687831   第一借阅区/ [索取号:D2-0/116] 在馆    
唐山师范学院图书馆 欢迎您!
大连网信软件有限公司© 版权所有